Sports Quiz

Random Sports Quiz

College Football Team by Jersey Number Quiz Stats

 Plays Quiz not verified by Sporcle

College FB numbers correct
Score 0/27 Timer 06:00
0 Plays Today
Number Team % Correct
1Oregon
86.7%
6Miami (FL)
81.4%
5Virginia Tech
80.1%
10Southern Cal
80.1%
16Michigan
79.2%
25Texas
75.2%
3Notre Dame
73.5%
2Ohio State
73%
15Florida
70.8%
11Boise State
70.4%
13Florida State
68.6%
7West Virginia
66.8%
14TCU
64.2%
22Alabama
60.6%
Number Team % Correct
4Georgia
49.6%
28Oklahoma
45.1%
8Michigan State
40.7%
19Nebraska
39.4%
21South Carolina
35.8%
18Oklahoma State
35.4%
20Wisconsin
33.6%
9LSU
32.3%
27Texas A&M
30.1%
12Stanford
26.5%
23Auburn
23%
17Arkansas
15.5%
24Missouri
15.5%

You're not logged in!

Compare scores with friends on all Sporcle quizzes.
Join for Free
OR
Log In

You Might Also Like...

Show Comments

Extras

Top Quizzes Today


Score Distribution

Your Account Isn't Verified!

In order to create a playlist on Sporcle, you need to verify the email address you used during registration. Go to your Sporcle Settings to finish the process.

Report this User

Report this user for behavior that violates our Community Guidelines.

Details: